000 00264nam a22001097a 4500
008 170125b xxu||||| |||| 00| 0 eng d
020 _a9780697212481
041 _aeng
080 _a618.2
245 _adna technology the awesome skill
_cALCAMO, I.E
942 _2udc
_cBK
999 _c3637
_d3637